000 00707nam a2200229 i 4500
001 141569
003 ES-MaACL
005 20250716063307.0
007 t|
008 070925s1985 sp ||||1| spa d
100 0 _aVoltaire,
_d1694-1778
_9115721
245 1 0 _aCándido ; Micromegas ; Zadig /
_cVoltaire ; edición de Elena Diego ; traducción de Elena Diego.
260 _aMadrid :
_bCátedra,
_c[1985]
300 _a285 p. :
_bil. ;
_c18 cm.
490 1 _aLetras universales ;
_v31
700 1 _aDiego, Elena.
_944538
740 0 _aMicromegas.
740 0 _aZadig.
830 0 _aLetras universales ;
_v31
_9178013
852 _aES-MaACL
_jL-9548
_bR.110355
999 _c141569
_d141569